[Event "BUL-ch sf 75th"]
[Site "Plovdiv"]
[Date "2011.02.12"]
[Round "8"]
[White "Kolev, Hristian"]
[Black "Angelov, Boyan"]
[Result "1-0"]
[WhiteElo "1775"]
[BlackElo "2077"]
[PlyCount "31"]
[EventDate "2011.02.07"]
[EventType "swiss"]
[EventRounds "9"]
[EventCountry "BUL"]
[SourceTitle "CBM 140 Extra"]
[Source "ChessBase"]
[SourceDate "2011.03.01"]
[SourceVersion "1"]
[SourceVersionDate "2011.03.01"]
[SourceQuality "1"]

1. d4 Nf6 2. c4 g6 3. Nc3 Bg7 4. e4 d6 5. f3 0-0 6. Be3 Nbd7 7. Qd2 c5 8. Nge2 b6 9. 0-0-0 cxd4 10. Nxd4 Bb7 11. h4 a6 12. Bh6 Qc7 13. h5 Nxh5 14. Rxh5 Bxd4 15. Qxd4 e5 16. Qd2 1-0

[Event "BUL-ch sf 75th"]
[Site "Plovdiv"]
[Date "2011.02.08"]
[Round "3"]
[White "Angelov, Boyan"]
[Black "Slavov, Hristo"]
[Result "1-0"]
[WhiteElo "2077"]
[BlackElo "1717"]
[PlyCount "149"]
[EventDate "2011.02.07"]
[EventType "swiss"]
[EventRounds "9"]
[EventCountry "BUL"]
[SourceTitle "CBM 140 Extra"]
[Source "ChessBase"]
[SourceDate "2011.03.01"]
[SourceVersion "1"]
[SourceVersionDate "2011.03.01"]
[SourceQuality "1"]

1. Nf3 Nf6 2. g3 Nc6 3. Bg2 e6 4. 0-0 Be7 5. d3 d6 6. e4 0-0 7. Nc3 e5 8. h3 h6 9. Nh2 Nh7 10. f4 exf4 11. Bxf4 Bf6 12. Ng4 Bxg4 13. Qxg4 Bd4+ 14. Kh2 Nf6 15. Qe2 Rb8 16. Rae1 Re8 17. Qd1 Ne5 18. Ne2 Bb6 19. d4 Ng6 20. Qd3 c5 21. c3 Nxf4 22. gxf4 Nh5 23. Bf3 Nf6 24. d5 c4 25. Qxc4 Rc8 26. Qd3 Qc7 27. Ng3 Qc4 28. Qxc4 Rxc4 29. Be2 Ra4 30. Bb5 Rxa2 31. Bxe8 Rxb2+ 32. Re2 Rxe2+ 33. Nxe2 Nxe8 34. Kg2 g6 35. Nc1 Nc7 36. Nb3 Nb5 37. c4 Nd4 38. Rb1 Nc2 39. Kf3 Kf8 40. Rc1 Nd4+ 41. Nxd4 Bxd4 42. Rd1 Bc5 43. e5 Ke7 44. Re1 Kd7 45. e6+ Ke7 46. Kg4 f5+ 47. Kf3 a5 48. Ra1 b6 49. Ke2 Bd4 50. Ra2 Kf6 51. Kd3 Bc5 52. h4 h5 53. Re2 Ke7 54. Rg2 Kf6 55. e7 Kxe7 56. Rxg6 Bf2 57. Re6+ Kd7 58. Rh6 Bxh4 59. Rxh5 Be1 60. Rxf5 a4 61. Rf7+ Ke8 62. Ra7 Ba5 63. Kc2 Kf8 64. f5 Ke8 65. Kb2 Bb4 66. Rxa4 Bc5 67. Kb3 Kf7 68. Ra1 Kf6 69. Rf1 Bd4 70. Ka4 Kg5 71. f6 Bxf6 72. Rxf6 Kxf6 73. Kb5 Ke5 74. Kxb6 Kd4 75. Kc6 1-0

[Event "BUL-chT-B 60th"]
[Site "Albena"]
[Date "2010.05.30"]
[Round "5.2"]
[White "Mladenov, Ilian"]
[Black "Angelov, Boyan"]
[Result "1/2-1/2"]
[WhiteElo "2233"]
[BlackElo "2012"]
[PlyCount "156"]
[EventDate "2010.05.27"]
[EventType "team-tourn"]
[EventRounds "9"]
[EventCountry "BUL"]
[SourceTitle "CBM 136 Extra"]
[Source "ChessBase"]
[SourceDate "2010.07.02"]
[SourceVersion "2"]
[SourceVersionDate "2010.07.15"]
[SourceQuality "1"]
[WhiteTeam "Pleven Spartak XXI"]
[BlackTeam "Shumen 2005"]
[WhiteTeamCountry "BUL"]
[BlackTeamCountry "BUL"]

1. c4 Nf6 2. g3 e6 3. Nf3 d5 4. Bg2 Be7 5. d4 0-0 6. 0-0 Nbd7 7. cxd5 exd5 8. Nc3 c6 9. Bf4 Re8 10. Ne5 Nf8 11. Rc1 Bd6 12. Nd3 Bf5 13. Bxd6 Qxd6 14. Nc5 Re7 15. a3 Ne6 16. b4 a6 17. Qd2 Ne4 18. N3xe4 dxe4 19. Rfd1 Rd8 20. Qe3 Nxc5 21. bxc5 Qc7 22. Rb1 Be6 23. Rb4 Bd5 24. Rdb1 Qc8 25. f4 f5 26. Qc3 Rdd7 27. e3 Qe8 28. Bf1 Qf7 29. R1b2 h6 30. a4 Kh7 31. a5 Kg6 32. Rf2 Kf6 33. Be2 g6 34. Kf1 Qg8 35. Ke1 Rh7 36. Kd2 Qd8 37. Rb1 h5 38. Rg1 Rdg7 39. Qb4 Be6 40. Kc3 Bd5 41. Qb6 Qd7 42. Qb2 Qd8 43. Kb4 Ke6 44. h3 Qf6 45. Kc3 Qd8 46. Qb6 Qf6 47. h4 Rd7 48. Rb1 Qd8 49. Rff1 Kf6 50. Rb2 Rhe7 51. Rfb1 Qa8 52. Qb4 Qg8 53. Kd2 Rh7 54. Ke1 Rhe7 55. Kf2 Rh7 56. Qc3 Rhe7 57. Rb6 Qf7 58. R1b4 Qg8 59. Qb2 Qf7 60. Bc4 Qe6 61. Kg1 Kg7 62. Bxd5 Qxd5 63. Rxb7 Rxb7 64. Rxb7 Rxb7 65. Qxb7+ Kh6 66. Qxa6 Qa2 67. Kf1 Qa1+ 68. Kf2 Qa2+ 69. Qe2 Qxa5 70. Qc2 Qa1 71. Kg2 Qe1 72. d5 Qxe3 73. dxc6 Qf3+ 74. Kh2 e3 75. c7 e2 76. c8Q Qf2+ 77. Kh3 Qf1+ 78. Kh2 Qf2+ 1/2-1/2

[Event "BUL-ch sf"]
[Site "Plovdiv"]
[Date "2010.01.27"]
[Round "5"]
[White "Angelov, Boyan"]
[Black "Angelov, Angel"]
[Result "1/2-1/2"]
[WhiteElo "2000"]
[BlackElo "2231"]
[PlyCount "63"]
[EventDate "2010.01.24"]
[EventType "swiss"]
[EventRounds "9"]
[EventCountry "BUL"]
[SourceTitle "CBM 134 Extra"]
[Source "ChessBase"]
[SourceDate "2010.03.03"]
[SourceVersion "1"]
[SourceVersionDate "2010.03.03"]
[SourceQuality "1"]

1. d4 d5 2. Nf3 Nf6 3. c3 c6 4. Bf4 Bf5 5. e3 e6 6. Bd3 Bxd3 7. Qxd3 Bd6 8. Bxd6 Qxd6 9. Ne5 Nbd7 10. Nxd7 Nxd7 11. 0-0 0-0 12. a3 e5 13. Nd2 exd4 14. exd4 Rae8 15. Rfe1 Qg6 16. Qxg6 hxg6 17. Rxe8 Rxe8 18. Kf1 f6 19. Re1 Rxe1+ 20. Kxe1 Kf7 21. Ke2 Ke6 22. Kd3 g5 23. g4 Nf8 24. Ke3 Ng6 25. Nb3 b6 26. Nc1 Nf4 27. Nd3 Nxd3 28. Kxd3 Kd6 29. Ke3 a5 30. a4 b5 31. b3 bxa4 32. bxa4 1/2-1/2

[Event "BUL-ch sf"]
[Site "Plovdiv"]
[Date "2010.01.27"]
[Round "6"]
[White "Mladenov, Plamen"]
[Black "Angelov, Boyan"]
[Result "1-0"]
[WhiteElo "2394"]
[BlackElo "2000"]
[PlyCount "87"]
[EventDate "2010.01.24"]
[EventType "swiss"]
[EventRounds "9"]
[EventCountry "BUL"]
[SourceTitle "CBM 134 Extra"]
[Source "ChessBase"]
[SourceDate "2010.03.03"]
[SourceVersion "1"]
[SourceVersionDate "2010.03.03"]
[SourceQuality "1"]

1. d4 d5 2. Nf3 Nf6 3. c4 e6 4. Nc3 Be7 5. Bg5 0-0 6. e3 Nbd7 7. Qc2 a6 8. cxd5 exd5 9. Bd3 Re8 10. 0-0 c6 11. Rae1 Nf8 12. Ne5 Ng4 13. Bxe7 Rxe7 14. f4 f6 15. Nxg4 Bxg4 16. h3 Bh5 17. Qf2 Bf7 18. g4 Qd7 19. Ne2 Rae8 20. Ng3 Bg6 21. f5 Bf7 22. g5 Kh8 23. h4 c5 24. dxc5 d4 25. e4 Qc7 26. h5 h6 27. gxf6 gxf6 28. Ne2 Bxh5 29. Nf4 Rg7+ 30. Kh1 Bg4 31. Qxd4 Qe5 32. Qxe5 Rxe5 33. b4 Rd7 34. Kg2 Rd4 35. a3 Kg7 36. Rc1 a5 37. b5 Re7 38. c6 Rd8 39. c7 Rc8 40. Nd5 Rf7 41. b6 Nd7 42. Bb5 Nxb6 43. Nxb6 Rcxc7 44. Nd5 1-0

[Event "BUL-chT2"]
[Site "Sunny Beach"]
[Date "2009.06.11"]
[Round "4.3"]
[White "Glavchev, Stanislav"]
[Black "Angelov, Boyan"]
[Result "1-0"]
[WhiteElo "2131"]
[BlackElo "2012"]
[PlyCount "69"]
[EventDate "2009.06.08"]
[EventType "team-swiss"]
[EventRounds "7"]
[EventCountry "BUL"]
[SourceTitle "CBM 130 Extra"]
[Source "ChessBase"]
[SourceDate "2009.07.02"]
[SourceVersion "2"]
[SourceVersionDate "2009.07.15"]
[SourceQuality "1"]

1. e4 e5 2. Nf3 Nc6 3. Bc4 Nf6 4. d3 Bc5 5. c3 d6 6. h3 Bb6 7. Bb3 Ne7 8. Qe2 Ng6 9. g3 Be6 10. Bxe6 fxe6 11. Be3 h6 12. Nbd2 Qe7 13. Nc4 Bxe3 14. Qxe3 Nd7 15. Na5 0-0 16. b3 Qf7 17. Nd2 b6 18. Nc6 a5 19. d4 Nf6 20. dxe5 dxe5 21. Nc4 Nxe4 22. Qxe4 Qxf2+ 23. Kd1 a4 24. bxa4 Qxg3 25. Kc2 Rxa4 26. Kb3 b5 27. Qxg6 Qf3 28. Qxe6+ Kh8 29. N6xe5 bxc4+ 30. Kxa4 Qa8+ 31. Kb4 Qb7+ 32. Kc5 Qa7+ 33. Kxc4 Qa4+ 34. Kd3 Rd8+ 35. Ke3 1-0

[Event "BUL-chT2"]
[Site "Sunny Beach"]
[Date "2009.06.10"]
[Round "3.1"]
[White "Angelov, Boyan"]
[Black "Mishev, Liubomir"]
[Result "0-1"]
[WhiteElo "2012"]
[BlackElo "2250"]
[PlyCount "115"]
[EventDate "2009.06.08"]
[EventType "team-swiss"]
[EventRounds "7"]
[EventCountry "BUL"]
[SourceTitle "CBM 130 Extra"]
[Source "ChessBase"]
[SourceDate "2009.07.02"]
[SourceVersion "2"]
[SourceVersionDate "2009.07.15"]
[SourceQuality "1"]

1. e4 c5 2. Nf3 e6 3. c3 d6 4. d4 cxd4 5. cxd4 Nf6 6. Nc3 Be7 7. Bd3 0-0 8. e5 dxe5 9. dxe5 Nd5 10. Qe2 Nc6 11. Nxd5 exd5 12. h3 Bb4+ 13. Bd2 Bxd2+ 14. Qxd2 Re8 15. 0-0-0 Nxe5 16. Nxe5 Rxe5 17. f4 Re8 18. Bc2 Qc7 19. Kb1 Bd7 20. Qxd5 Be6 21. Qd2 Rad8 22. Qf2 Qa5 23. a3 Rd5 24. Qe1 Qb5 25. Qe4 Rxd1+ 26. Rxd1 Ba2+ 27. Kxa2 Rxe4 28. Bxe4 Qc4+ 29. Ka1 g6 30. Bxb7 Qxf4 31. Bd5 Kg7 32. Bb3 h5 33. Ka2 Qc7 34. Rf1 f6 35. g4 Qg3 36. gxh5 Qxh3 37. h6+ Qxh6 38. Re1 Kf8 39. Re6 Qf4 40. Ra6 Qd4 41. Rc6 Kg7 42. Rc7+ Kh6 43. Rc4 Qe3 44. Bc2 f5 45. b4 Kg5 46. b5 Qe6 47. Kb3 f4 48. Kb4 Qd6+ 49. Ka4 Kh4 50. Bxg6 Qxg6 51. Rxf4+ Kg3 52. Rc4 Qd3 53. Rc6 Kf4 54. Kb4 Ke5 55. a4 Qd2+ 56. Kc4 a5 57. Kc5 Qb4+ 58. Kb6 0-1

[Event "Plovdiv Tringov Memorial"]
[Site "Plovdiv"]
[Date "2009.02.02"]
[Round "2"]
[White "Angelov, Boyan"]
[Black "Mladenov, Plamen"]
[Result "1-0"]
[WhiteElo "1990"]
[BlackElo "2373"]
[PlyCount "83"]
[EventDate "2009.02.01"]
[EventType "swiss"]
[EventRounds "9"]
[EventCountry "BUL"]
[SourceTitle "CBM 128 Extra"]
[Source "ChessBase"]
[SourceDate "2009.03.05"]
[SourceVersion "2"]
[SourceVersionDate "2009.03.25"]
[SourceQuality "1"]

1. e4 c5 2. Nf3 d6 3. c3 Nf6 4. Bc4 e6 5. Qe2 a6 6. d4 b5 7. Bd3 Nbd7 8. e5 dxe5 9. dxe5 Nd5 10. 0-0 c4 11. Bc2 Bb7 12. Nbd2 Qc7 13. Re1 Be7 14. Nf1 h5 15. h4 Nc5 16. Ng5 Rd8 17. Ng3 Nd3 18. Bxd3 cxd3 19. Qf3 Bf8 20. Qxd3 Nf4 21. Qxd8+ Qxd8 22. Bxf4 Bc5 23. Rad1 Qb6 24. Be3 Qc6 25. N5e4 Be7 26. f3 f6 27. Nd6+ Bxd6 28. Rxd6 Qc4 29. exf6 gxf6 30. Bd4 0-0 31. Rexe6 f5 32. Rg6+ Kf7 33. Rg7+ Ke8 34. Rxb7 Qe2 35. Bf2 Rf7 36. Rb8+ Ke7 37. Rxa6 f4 38. Ra7+ Kd6 39. Rb6+ Kd5 40. Rxf7 Qe8 41. Rf5+ Kc4 42. Rd6 1-0

[Event "Plovdiv Tringov Memorial"]
[Site "Plovdiv"]
[Date "2009.02.02"]
[Round "3"]
[White "Yanev, Tihomir"]
[Black "Angelov, Boyan"]
[Result "1-0"]
[WhiteElo "2297"]
[BlackElo "1990"]
[PlyCount "97"]
[EventDate "2009.02.01"]
[EventType "swiss"]
[EventRounds "9"]
[EventCountry "BUL"]
[SourceTitle "CBM 128 Extra"]
[Source "ChessBase"]
[SourceDate "2009.03.05"]
[SourceVersion "2"]
[SourceVersionDate "2009.03.25"]
[SourceQuality "1"]

1. Nf3 Nf6 2. c4 e6 3. Nc3 d5 4. d4 Be7 5. Bg5 0-0 6. e3 Nbd7 7. cxd5 exd5 8. Bd3 Re8 9. Qc2 Nf8 10. 0-0 c6 11. Rfe1 Ne4 12. Bxe7 Qxe7 13. Nd2 f5 14. f3 Nxd2 15. Qxd2 Be6 16. a3 Rad8 17. b4 a6 18. Na4 Qf6 19. Nc5 Bc8 20. Bc2 Re7 21. Nd3 Ng6 22. f4 Be6 23. a4 Nh4 24. Ne5 g5 25. Kh1 Rf8 26. b5 axb5 27. axb5 Bd7 28. Ra7 Be8 29. bxc6 bxc6 30. Rea1 Ng6 31. R7a6 Re6 32. Rb1 Nxe5 33. dxe5 Qh6 34. Qf2 Qh5 35. Bd1 Qg6 36. Qa2 Qh6 37. Bb3 Kh8 38. Qf2 Qh5 39. Bd1 Qh6 40. Rbb6 Bd7 41. Ra7 Be8 42. Rbb7 g4 43. Qd2 Qh4 44. Bc2 Rh6 45. g3 Qh3 46. Kg1 Re6 47. Qb4 Rg8 48. Bxf5 Rh6 49. Rxh7+ 1-0